000 00547nam a2200205Ia 4500
005 20230317124555.0
008 140110s9999 xx 000 0 und d
020 _a9789380660028
_cRs.400.00
040 _aLoreto College
041 _aEnglish
082 _a891.44
_bRAY
245 _aSandesh
_cEdited by Upendrakishore Raychoudury
260 _aKolkata
_bParul Prakashani
_c2010
300 _a392p.
504 _aIncludes index
650 _aBengali literature
700 _aRaychoudhuri,Upendrakishore,ed
850 _aLCLIB
942 _cBK
999 _c36480
_d86959